| 000 | 00359 a2200157 4500 | ||
|---|---|---|---|
| 001 | 194391 | ||
| 020 | _a978-85-7338-929-6 | ||
| 040 | _cMagnum | ||
| 100 | _aBellinghausen, Ingrid Biesemeyer | ||
| 240 | 1 | 0 |
_aPersonagens encantados _lpor |
| 245 | 1 | 0 | _aPersonagens encantados |
| 300 | _a24 | ||
| 362 | 0 | _a2010 | |
| 697 | _aLITERATURA INFANTO | ||
| 942 | _cBK | ||
| 999 |
_c194391 _d194391 |
||